Loading...
| Current Events | 5 | 18.00 | 100% | 80% | 0% |
| Fine Arts - Classical Music | 3 | 23.33 | 100% | 67% | 67% |
| Fine Arts - Other | 6 | 10.00 | 100% | 0% | 0% |
| Fine Arts - Painting and Sculpture | 6 | 11.67 | 83% | 33% | 0% |
| Geography | 1 | 30.00 | 100% | 100% | 100% |
| History - American | 3 | 16.67 | 100% | 67% | 0% |
| History - European | 4 | 20.00 | 100% | 75% | 25% |
| History - Other | 2 | 15.00 | 100% | 50% | 0% |
| History - World | 7 | 14.29 | 100% | 43% | 0% |
| Literature - Drama | 4 | 10.00 | 100% | 0% | 0% |
| Literature - Long Fiction | 9 | 13.33 | 100% | 22% | 11% |
| Literature - Misc | 1 | 10.00 | 100% | 0% | 0% |
| Literature - Poetry | 3 | 6.67 | 67% | 0% | 0% |
| Mythology | 6 | 11.67 | 100% | 17% | 0% |
| Other Academic | 6 | 15.00 | 100% | 33% | 17% |
| Philosophy | 8 | 10.00 | 88% | 13% | 0% |
| Religion | 3 | 13.33 | 100% | 33% | 0% |
| Science - Biology | 3 | 16.67 | 100% | 67% | 0% |
| Science - Chemistry | 2 | 15.00 | 100% | 50% | 0% |
| Science - Other | 6 | 18.33 | 100% | 50% | 33% |
| Science - Physics | 6 | 10.00 | 100% | 0% | 0% |
| Short Fiction and Other | 4 | 15.00 | 100% | 50% | 0% |
| Social Science | 6 | 16.67 | 83% | 50% | 33% |